000 00465nam a2200193Ia 4500
005 20230914122818.0
008 131103s9999 xx 000 0 und d
020 _a671742558
040 _aLoreto College
041 _aEnglish
082 _aF
_bMCN
100 _aMcNaught,Judith
245 _aAlmost Heaven
_cJudith McNaught
260 _aNew York
_bPocket Books
_c1990
300 _a517 p.
650 _aFiction in English
850 _aLCLIB
942 _cBK
999 _c14256
_d64735